Nové tendencie podnikania poisťovní na Slovenskom poistnom trhu v podmienkach globalizácie

Na minha lista:
Detalhes bibliográficos
Autor principal: Majtánová, Anna
Outros Autores: Polavková, Katarína
Formato: Capítulo de Livro
Idioma:eslovaco
Tags: Adicionar Tag
Sem tags, seja o primeiro a adicionar uma tag!

MARC

LEADER 00000nla$a2200000$$$4500
001 0061030
005 20240502083146.3
041 0 |a slo 
044 |a CZ 
245 1 0 |a Nové tendencie podnikania poisťovní na Slovenskom poistnom trhu v podmienkach globalizácie  |c Anna Majtánová, Katarína Polavková 
100 1 |a Majtánová, Anna 
700 1 |a Polavková, Katarína